000 00770nam a22002177a 4500
999 _c12803
_d12803
003 AR-CdUCM
008 190410b ||||| |||| 00| 0 spa d
040 _aMUNICIPALIDAD PROVINCIAL DEL CUSCO
_cBIBLIOTECA MUNICIPAL DEL CUSCO
082 _aES / 373 /
_bN56
100 _aNieves, Maria
_930877
245 _aMaría Nieves y los cuentos ganadores del premio copé 1992 :
_bEditado por el departamento de relaciones publicas de petroperú /
260 _aLima :
_bEditoral e imprenta Desa,
_c1994.
300 _a303 paginas ;
_bIlustraciones, Graficos, Dibujos,
_c20 cm.
500 _aCuentos
650 _aCuentos
_9217
650 _aHistorias
_92725
650 _aPremio Copé
_930878
650 _aLiteratura
_983
942 _2ddc
_cLIBROS
945 _apjha
_d2019-04-10